|
|
|
|
| LEADER |
02536nam a2200577 a 4500 |
| 001 |
nkc20142565435 |
| 003 |
CZ PrNK |
| 005 |
20141103112914.0 |
| 007 |
ta |
| 008 |
140218s2013 xr ace e f 000 0dcze |
| 015 |
|
|
|a cnb002565435
|
| 020 |
|
|
|a 978-80-905681-0-5
|q (brož.)
|z 978-80-905681
|
| 035 |
|
|
|a (OCoLC)876342212
|
| 040 |
|
|
|a ABA001
|b cze
|
| 041 |
1 |
|
|a cze
|a rus
|h rus
|
| 043 |
|
|
|a e-xr---
|b e-xr-pg
|2 czenas
|
| 045 |
|
|
|a x2x2
|
| 072 |
|
7 |
|a 82
|x Literatura. Literární život
|2 Konspekt
|9 11
|
| 080 |
|
|
|a 821.161.1-1-055.2
|2 MRF
|
| 080 |
|
|
|a 910.4
|2 MRF
|
| 080 |
|
|
|a 913:82
|2 MRF
|
| 080 |
|
|
|a (437.311)
|2 MRF
|
| 080 |
|
|
|a (036)
|2 MRF
|
| 245 |
0 |
0 |
|a Praha Mariny Cvětajevové :
|b průvodce po místech pobytu M. Cvětajevové v Praze a blízkém okolí 1922-1925 /
|c Galina Vaněčková ... [et al.] = Praga Mariny Cvetajevoj : putevoditel' po mestam prebyvanija M. Cvetajevoj v Prage i jejo okrestnostjach 1922-1925 / Galina Vanečkova ... [et al.]
|
| 246 |
3 |
0 |
|a Průvodce po místech pobytu M. Cvětajevové v Praze a blízkém okolí 1922-1925
|
| 246 |
3 |
0 |
|a Putevoditel' po mestam prebyvanija M. Cvetajevoj v Prage i jejo okrestnostjach 1922-1925
|
| 246 |
3 |
1 |
|a Praga Mariny Cvetajevoj
|
| 260 |
|
|
|a Praha :
|b [Společnost Mariny Cvětajevové],
|c 2013
|
| 300 |
|
|
|a 133 s. :
|b il. (některé barev.), portréty, plány ;
|c 23 cm
|
| 546 |
|
|
|a Souběžný ruský text
|
| 600 |
1 |
7 |
|a Cvetajeva, Marina Ivanovna,
|d 1892-1941
|7 jn19992000142
|2 czenas
|
| 648 |
|
7 |
|a 1921-1930
|7 ch460580
|2 czenas
|
| 648 |
|
4 |
|a 1922-1925
|
| 648 |
|
7 |
|a 19.-20. století
|7 ch757015
|2 czenas
|
| 650 |
0 |
7 |
|a ruské básnířky
|7 ph191052
|y 19.-20. století
|2 czenas
|
| 650 |
0 |
7 |
|a cesty a pobyt
|7 ph137578
|z Česko
|y 1921-1930
|2 czenas
|
| 650 |
0 |
7 |
|a literární místopis
|7 ph137259
|z Česko
|2 czenas
|
| 650 |
0 |
9 |
|a Russian women poets
|y 19th-20th centuries
|2 eczenas
|
| 650 |
0 |
9 |
|a voyages and travels
|z Czechia
|y 1921-1930
|2 eczenas
|
| 650 |
0 |
9 |
|a literary landmarks
|z Czechia
|2 eczenas
|
| 651 |
|
7 |
|a Praha (Česko)
|7 ge118011
|2 czenas
|
| 651 |
|
9 |
|a Prague (Czechia)
|2 eczenas
|
| 655 |
|
7 |
|a průvodce
|7 fd133154
|2 czenas
|
| 655 |
|
9 |
|a guidebooks
|2 eczenas
|
| 700 |
1 |
|
|a Vaněčková, Galina,
|d 1930-
|7 xx0053500
|4 aut
|
| 856 |
4 |
1 |
|u http://www.digitalniknihovna.cz/mzk/uuid/uuid:0998a0a0-e928-11e6-8010-005056827e51
|y Digitalizovaný dokument
|x NDK
|
| 910 |
2 |
|
|a BOA001
|b 2-1322.289
|
| 990 |
|
|
|a BK
|
| 995 |
|
|
|a 01
|
| 991 |
|
|
|b 201404
|c NOV
|e n
|
| 996 |
6 |
|
|b 2610582124
|c 2-1322.289
|l MZK
|r Sklad / do 1 hodiny
|n 6
|p p.v.
|w 001402874
|u 000010
|a 1
|e BOA001
|j MZK50
|s P
|